| 000 | 00924nam a2200229 i 4500 | ||
|---|---|---|---|
| 001 | 46601 | ||
| 003 | ES-MaACL | ||
| 005 | 20230906161421.0 | ||
| 007 | t| | ||
| 008 | 030331s1952 sp ||||1| spa d | ||
| 111 | 2 |
_aCongreso Ibero-Americano de Archivos, Bibliotecas y Propiedad Intelectual ( _d1952. _cMadrid) _9388 |
|
| 245 | 1 | 0 |
_aExposición histórica del libro _b: un milenario del libro español : guía del visitante / _c[redactada por Matilde de López Serrano y Francisco Tolsada]. |
| 260 |
_aMadrid : _b[s.n.], _c1952 ( _eValencia : _fTip. Moderna) |
||
| 300 |
_a160 p., 31 lám., 1 lám. pleg. ; _c22 cm. |
||
| 650 | 4 |
_aLibros españoles- _vExposiciones. _9153842 |
|
| 655 | 7 |
_2tgfbne _9193628 _aCatálogos de exposiciones |
|
| 700 | 1 |
_aLópez Serrano, Matilde. _973985 |
|
| 700 | 1 |
_aTolsada, Francisco. _9110488 |
|
| 852 |
_aES-MaACL _jC-5866 _bR.33229 |
||
| 942 | _2udc | ||
| 999 |
_c46601 _d46601 |
||